| 000 | 00962nam a22002057a 4500 | ||
|---|---|---|---|
| 999 |
_c16988 _d16988 |
||
| 003 | AR-CdUCM | ||
| 008 | 190507b ||||| |||| 00| 0 spa d | ||
| 040 |
_aMUNICIPALIDAD PROVINCIAL DEL CUSCO _cBIBLIOTECA MUNICIPAL DEL CUSCO |
||
| 082 |
_a321.08 / _bT33 |
||
| 100 |
_aTejeda, José Simeón _936780 |
||
| 245 | _aLibertad de la industria / | ||
| 260 |
_aLima : _bEds. Hora del Hombre, _c1947. |
||
| 300 |
_a84 páginas ; _c18 cm. |
||
| 440 |
_aBiblioteca del pensamiento peruano. Creadores de la democracia peruana. Los liberales ; _936781 |
||
| 505 | _aContenido: La industria es un poder social, distinto del poder político -- Influjo del poder industrial en la política -- Separación de los diversos poderes sociales y sus respectivas funciones -- Incompetencia del poder político para dirigir la industria hacia su fin... | ||
| 650 |
_aPolítica industrial _936782 |
||
| 650 |
_aLiberalismo _91985 |
||
| 942 |
_2ddc _cLIBROS |
||
| 945 |
_aacv _d2019-05-07 |
||